| 000 | 00406nam a2200157 a 4500 | ||
|---|---|---|---|
| 005 | 20141022142009.0 | ||
| 008 | 120228s19uu xx 00 eng d | ||
| 050 |
_aCD _bH34 2011 |
||
| 100 | _aRender, Barry | ||
| 245 |
_aQuantitative analysis for management / _cBarry Render, et al. |
||
| 250 | _a10th ed. | ||
| 260 | _c2011. | ||
| 700 | _aStair, Ralph Jr. | ||
| 700 | _aHanna, Michael | ||
| 942 | _cAVM | ||
| 999 |
_c276644 _d276644 |
||